Northern Districts Cricket Men (NZ) - Statistics

General Stats
  • This quiz has been taken 5 times
  • The average score is 36 of 309
Answer Stats
Service Format(s) International Names % Correct
2004-2021 1st Class, List A, T20 New Zealand BJ Watling
67%
2000-2010 1st Class, List A, T20 New Zealand Bruce Martin
67%
1984-1998 1st Class, List A New Zealand Bryan Young
67%
1975-1991 1st Class, List A New Zealand Chris Kuggeleijn
67%
2011-2019 1st Class, List A, T20 New Zealand, USA Corey Anderson
67%
1956-1963 1st Class Don Clarke
67%
2010 T20 South Africa Herschelle Gibbs
67%
2020-2026 1st Class, List A, T20 New Zealand Jeet Raval
67%
2009-2017 1st Class, List A, T20 Jono Boult
67%
2007-2025 1st Class, List A, T20 New Zealand Kane Williamson
67%
2019-2026 1st Class, List A, T20 New Zealand Katene Clarke
67%
2022-2026 1st Class, List A, T20 New Zealand Kristian Clarke
67%
1967*-1968* 1st Class Leslie Anderson
67%
2004-2005 1st Class, List A New Zealand Llorne Howell
67%
2011-2026 1st Class, List A, T20 New Zealand Mitchell Santner
67%
1977-1980 1st Class, List A Peter Anderson
67%
1969-1970 1st Class New Zealand Robert Anderson
67%
1989-1990 1st Class, List A New Zealand Roger Twose
67%
2013-2026 1st Class, List A, T20 New Zealand Scott Kuggeleijn
67%
1989-2002 1st Class, List A New Zealand Simon Doull
67%
2013 List A Tamati Clarke
67%
2022-2026 1st Class, List A, T20 Netherlands Tim Pringle
67%
2007-2024 1st Class, List A, T20 New Zealand Tim Southee
67%
2008-2022 1st Class, List A, T20 New Zealand Trent Boult
67%
1995-1996 List A New Zealand Adam Parore
33%
1993-2001 1st Class, List A New Zealand Alex Tait
33%
1956-1963 1st Class New Zealand Allen Lissette
33%
2010-2011 1st Class New Zealand Andrew Mathieson
33%
1971-1973 1st Class, List A Ashok Puna
33%
1980-1996 1st Class, List A Barry Cooper
33%
2013-2026 1st Class, List A Bharat Popli
33%
1992-1997 1st Class, List A New Zealand Blair Pocock
33%
2005-2015 1st Class, List A, T20 Brad Wilson
33%
1983-1990 1st Class, List A New Zealand Brendon Bracewell
33%
2017-2022 1st Class, List A, T20 Brett Randell
33%
1988-1989 1st Class, List A New Zealand Chris Cairns
33%
2013-2014 T20 Australia Chris Tremain
33%
2016 List A Cody Andrews
33%
2018-2023 1st Class, List A, T20 New Zealand Colin de Grandhomme
33%
1996-2014 1st Class, List A, T20 New Zealand Daniel Vettori
33%
2011-2020 1st Class, List A, T20 New Zealand Daryl Mitchell
33%
2010 T20 Australia David Warner
33%
1991-1998 1st Class, List A New Zealand Dion Nash
33%
1996-1998 1st Class, List A New Zealand Gareth Hopkins
33%
1987-1989 1st Class, List A Zimbabwe, England Graeme Hick
33%
1960-1963 1st Class Gren Alabaster
33%
1998-2012 1st Class, List A, T20 New Zealand Hamish Marshall
33%
2016-2026 1st Class, List A, T20 Henry Cooper
33%
2001-2008 1st Class, List A, T20 New Zealand Ian Butler
33%
2012-2022 1st Class, List A, T20 New Zealand Ish Sodhi
33%
2011-2021 1st Class, List A Samoa James Baker
33%
2012-2013 T20 England James Foster
33%
1998-2013 1st Class, List A, T20 New Zealand James Marshall
33%
1967-1972 1st Class, List A Jim Smith
33%
2013-2026 1st Class, List A, T20 Joe Carter
33%
1965-1966 1st Class John Bailey
33%
1964-1965 1st Class John McFarlane
33%
1964-1968 1st Class John Mitchell
33%
1972-1984 1st Class, List A New Zealand John Parker
33%
2014-2015 T20 Ireland Kevin O'Brien
33%
1993-1994 1st Class, List A Kingsley Smith
33%
1971-1979 1st Class, List A Kirti Puna
33%
2019 T20 South Africa Kyle Abbot
33%
1980-1988 1st Class, List A New Zealand Lance Cairns
33%
1989-2002 1st Class, List A New Zealand Mark Bailey
33%
2019-2026 1st Class, List A, T20 New Zealand Matthew Fisher
33%
1990-2005 1st Class, List A New Zealand Matthew Hart
33%
1965-1966 1st Class Michael Pocock
33%
1974-1975 1st Class, List A New Zealand Mike Shrimpton
33%
1989-1990 1st Class, List A New Zealand Murphy Su'a
33%
1974-1975 1st Class Murray Baker
33%
2016-2017 T20 Australia Nathan Reardon
33%
2018-2025 1st Class, List A, T20 New Zealand Neil Wagner
33%
1958-1961 1st Class Norm Wilson
33%
2004-2012 1st Class, List A, T20 New Zealand Peter McGlashan
33%
1956-1957 1st Class Peter Smith
33%
1990-1996 1st Class, List A New Zealand Richard de Groen
33%
1993-2004 1st Class, List A New Zealand Robbie Hart
33%
1963-1976 1st Class Robin Penhearow
33%
2017 T20 New Zealand Ronnie Hira
33%
1991-1996 1st Class, List A New Zealand Roydon Hayes
33%
2001-2008 1st Class, List A, T20 Simon Andrews
33%
2014-2025 1st Class, List A, T20 New Zealand Tim Seifert
33%
1956-1969 1st Class New Zealand Tom Puna
33%
1994-1995 1st Class, List A Aaron Bradley
0%
1995 List A Adam Seymour
0%
2012-2013 1st Class Adam Wheater
0%
1989-1994 1st Class, List A Addil Somani
0%
1974-1975 1st Class Alan Hounsell
0%
1974-1979 1st Class, List A Alan Stimpson
0%
1997-1998 1st Class, List A Alex O'Dowd
0%
1976-1977 1st Class Allen Collier
0%
2005-2007 1st Class, List A, T20 Alun Evans
0%
2006 1st Class Amandeep Singh
0%
2008 List A, T20 England Andrew Strauss
0%
1968-1984 1st Class, List A New Zealand Andy Roberts
0%
2005-2021 1st Class, List A, T20 New Zealand Anton Devcich
0%
2011-2022 1st Class, List A, T20 Anurag Verma
0%
2025 1st Class, List A Aryan Mann
0%
1977-1978 1st Class, List A Barry Roberts
0%
2013-2017 T20 Australia Ben Laughlin
0%
2022-2026 1st Class, List A, T20 Ben Pomare
0%
1956-1957 1st Class Bernard Graham
0%
1962-1966 1st Class New Zealand Bert Sutcliffe
0%
1977*-1979 List A Bill Aldridge
0%
1980-1985 1st Class, List A Bill Fowler
0%
1975-1977 1st Class, List A New Zealand Bob Cunis
0%
2010 T20 Australia Brad Hodge
0%
2006 1st Class Brad Leonard
0%
2008-2013 1st Class, List A, T20 Bradley Scott
0%
2012 1st Class, List A Brandon Hiini
0%
1987-1988 1st Class, List A Brendan Ward
0%
1991-1993 1st Class, List A Brendon Oxenham
0%
2006-2018 1st Class, List A, T20 New Zealand Brent Arnel
0%
2012-2026 1st Class, List A, T20 Brett Hampton
0%
2000 1st Class Brett Hood
0%
1986-1990 1st Class, List A Brian Barrett
0%
1961-1981 1st Class, List A Brian Dunning
0%
1969-1971 1st Class Brian Foulds
0%
1969-1970 1st Class Brian Gill
0%
1988-1989 1st Class, List A Brian Spragg
0%
2011-2012 1st Class, List A Brook Hatwell
0%
1984-1986 1st Class, List A New Zealand Bruce Blair
0%
1958-1967 1st Class West Indies Bruce Pairaudeau
0%
1961-1965 1st Class Bryan Bayley
0%
1956-1957 1st Class Bryan Higgins
0%
2008 1st Class, List A Cameron Merchant
0%
2013 1st Class, List A Cam Fletcher
0%
2017-2019 T20 England Chris Jordan
0%
2022 1st Class, List A Chris Swanson
0%
1973-1987 1st Class, List A Cliff Dickeson
0%
1959-1961 1st Class Clifton Satherley
0%
2026 1st Class, List A Cooper Rowell
0%
1983-1984 1st Class, List A Craig Presland
0%
1990-1997 1st Class, List A Craig Ross
0%
2004-2020 1st Class, List A, T20 New Zealand Daniel Flynn
0%
2013-2014 T20 Daniel Harris
0%
1997-2013 1st Class, List A, T20 New Zealand Daryl Tuffey
0%
1957-1961 1st Class Dave Donald
0%
1956-1965 1st Class Dave Hoskin
0%
1992 1st Class David Blake
0%
2010 T20 Australia David Hussey
0%
2002-2003 1st Class, List A David Kelly
0%
1992 1st Class David Tidmarsh
0%
1979-1994 1st Class, List A New Zealand David White
0%
2014-2021 1st Class, List A, T20 New Zealand Dean Brownlie
0%
1991-1993 1st Class, List A Dean Potter
0%
1968-1981 1st Class, List A Dennis Lloyd
0%
1963-1965 1st Class Dennis Matthews
0%
1958-1959 1st Class Dent Harper
0%
1987-1991 1st Class, List A Derek Beard
0%
1966-1967 1st Class Desmond Crene
0%
1956-1958 1st Class Desmond Ferrow
0%
1971-1972 1st Class Dhiru Patel
0%
1997 1st Class Dion Bennett
0%
1961-1965 1st Class New Zealand Don Beard
0%
1956-1960 1st Class Doug Gray
0%
1966-1967 1st Class Edwin Hipkiss
0%
1958-1959 1st Class Ellis Child
0%
1971-1979 1st Class, List A Eric Gillott
0%
1956-1967 1st Class New Zealand Eric Petrie
0%
2024 List A Ewald Schreuder
0%
2022-2026 1st Class, List A, T20 Fergus Lellman
0%
2024 T20 Flynn McGregor-Sumpter
0%
2017-2025 1st Class, List A, T20 Freddy Walker
0%
2003 1st Class Gareth Irwin
0%
2002-2004 1st Class, List A Gareth West
0%
1961-1976 1st Class, List A Gary Giles
0%
1973-1974 List A Gary Murphy
0%
1974-1986 1st Class, List A New Zealand Geoff Howarth
0%
1973-1975 1st Class, List A Geoffrey Taylor
0%
1967-1968 1st Class Gerald Rose
0%
1968-1969 1st Class Gerald Stewart
0%
1976-1977 1st Class, List A New Zealand Glenn Turner
0%
1998-2015 1st Class, List A, T20 New Zealand Graeme Aldridge
0%
1957-1959 1st Class Graeme Tarr
0%
1993-1995 1st Class, List A Graham Burnett
0%
1985-2002 1st Class, List A New Zealand Grant Bradburn
0%
1968-1981 1st Class, List A Grant Gibson
0%
1984-1991 1st Class, List A Grant McKenzie
0%
2001-2008 1st Class, List A, T20 Grant Robinson
0%
1965-1972 1st Class Hector Schuster
0%
1968-1976 1st Class, List A Hira Unka
0%
1957-1958 1st Class Hugh Barton
0%
2002-2004 1st Class, List A Jaden Harwell
0%
2020 List A Jake Gibson
0%
2025 1st Class James Naylor
0%
1958-1959 1st Class James Wright
0%
2003-2004 1st Class, List A Jamie Lee
0%
2010-2011 1st Class, List A Jason Donnelly
0%
1994-1996 1st Class, List A Jason Spice
0%
1972-1976 1st Class, List A Jeff Freeman
0%
1977-1978 1st Class Jeffrey Leigh
0%
1972-1974 1st Class, List A Jeremy White
0%
1956-1957 1st Class Jim Everest
0%
2011-2024 1st Class, List A, T20 Joe Walker
0%
1962-1970 1st Class John Beuth
0%
1968-1973 1st Class, List A John Blackmore
0%
1967-1969 1st Class John Carson
0%
1986-1991 1st Class, List A John Derrick
0%
1964-1973 1st Class, List A New Zealand John Guy
0%
1970-1972 1st Class John McLeod
0%
1959-1960 1st Class John Turnbull
0%
1975-1976 1st Class John Warrington
0%
1975-1984 1st Class, List A New Zealand John Wright
0%
2013-2015 1st Class, List A, T20 Jono Hickey
0%
1996-2013 1st Class, List A, T20 Joseph Yovich
0%
2020-2026 1st Class, List A, T20 Joshua Brown
0%
1979-1988 1st Class, List A Karl Treiber
0%
2010 1st Class Keir Bettley
0%
1956-1957 1st Class New Zealand Ken Hough
0%
1964-1975 1st Class, List A Kevin Kennedy
0%
1978-1979 1st Class Kevin White
0%
1985-1987 1st Class Kim Hancock
0%
1989-1995 1st Class, List A Kyle Wealleans
0%
1968-1974 1st Class, List A Lance Mountain
0%
1956-1957 1st Class Len Wyatt
0%
1982-1989 1st Class, List A Lindsay Crocker
0%
2014 T20 Luke Feldman
0%
1986-1987 1st Class Malcolm Harding
0%
1981-1987 1st Class, List A Mark Carrington
0%
2006-2007 1st Class, List A Mark Jefferson
0%
1984-1989 1st Class Mark McKinnon
0%
2002-2008 1st Class, List A, T20 Mark Orchard
0%
1967-1971 1st Class England Martin Horton
0%
1994-1997 1st Class, List A New Zealand Matthew Bell
0%
1990-1992 1st Class, List A England Matthew Maynard
0%
1957-1965 1st Class Maurice Langdon
0%
1993-2011 1st Class, List A, T20 Michael Parlane
0%
1972-1973 1st Class Michael Poultney
0%
1993-1994 1st Class, List A Michael Stephens
0%
1973-1984 1st Class, List A Mike Wright
0%
1975-1987 1st Class, List A Murray Child
0%
2000-2003 1st Class, List A Nathan Daley
0%
1997-2001 1st Class, List A Neal Parlane
0%
1982-1987 1st Class, List A Neil Pollock
0%
1990-1991 1st Class, List A Nicholas Lloyd
0%
2002-2008 1st Class, List A, T20 Nick Horsley
0%
2015-2019 1st Class, List A, T20 New Zealand Nick Kelly
0%
2017 T20 Nick Winter
0%
1959 1st Class Norm Harwood
0%
2026 T20 Ollie White
0%
2010 1st Class Owen Ivins
0%
1980-1981 1st Class Paul Curtin
0%
1986-1987 List A Paul Hodder
0%
1962-1975 1st Class, List A Peter Barton
0%
2016-2024 1st Class, List A, T20 Peter Bocock
0%
2022-2024 1st Class, List A Peter Drysdale
0%
1978-1979 1st Class Peter Holland
0%
1962-1964 1st Class Peter McGregor
0%
1989-1990 1st Class, List A Peter Neutze
0%
1956-1957 1st Class Peter Skelton
0%
1961-1969 1st Class Peter Stone
0%
1969-1970 1st Class Philip Havill
0%
1999 1st Class Rene Ferdinands
0%
1969-1972 1st Class Rex Hooton
0%
1969-1972 1st Class Rex McGill
0%
1975-1978 1st Class, List A New Zealand Richard Collinge
0%
1993-1994 1st Class, List A Richard Morgan
0%
1998-1999 1st Class, List A Robbie Diver
0%
2024-2026 1st Class, List A, T20 Robbie O'Donnell
0%
1958 1st Class Robert Carswell
0%
1974-1975 1st Class, List A Roddy Fulton
0%
1975-1981 1st Class Rod Griffiths
0%
1991 1st Class Netherlands Roger Bradley
0%
1980-1987 1st Class, List A Roger Broughton
0%
2025 T20 Rohit Gulati
0%
1977-1978 1st Class Roland Calland
0%
2014 1st Class, List A Rory Christopherson
0%
1993 List A Ross Kneebone
0%
1959-1971 1st Class Ross McPherson
0%
1959-1960 1st Class Rowan Barbour
0%
1985-1987 1st Class, List A Russell Mawhinney
0%
2004-2006 1st Class, List A, T20 Ryan Shutte
0%
2022 1st Class Sam Varcoe
0%
2022-2024 1st Class Sandeep Patel
0%
2022-2024 1st Class, List A Scott Johnston
0%
1994-2014 1st Class, List A, T20 New Zealand Scott Styris
0%
2018 T20 Sean Davey
0%
1994-1995 1st Class, List A Sean Lambly
0%
1963-1964 1st Class Sebastian Kohlhase
0%
2009 1st Class Shane Gadsdon
0%
1988-1996 1st Class, List A New Zealand Shane Thomson
0%
2025-2026 1st Class, List A Snehith Devireddy
0%
2012-2013 T20 Steven Croft
0%
1978-1986 1st Class, List A Steve Scott
0%
1975-1976 1st Class Stuart Harris
0%
1960-1967 1st Class Stuart Vietch
0%
1979-1983 1st Class, List A New Zealand Stu Gillespie
0%
1973-1974 List A Stu McLaggan
0%
2019 T20 New Zealand Tarun Nethula
0%
2005-2009 1st Class, List A, T20 Te Ahu Davis
0%
1965 1st Class Terence Burns
0%
1969-1970 1st Class Terence Masters
0%
1970-1972 1st Class Terry Beatson
0%
1956-1964 1st Class Terry Shaw
0%
2010 T20 Sri Lanka Tillakaratne Dilshan
0%
2015 T20 Netherlands Timm van der Gugten
0%
1986-1987 1st Class Tony Boyle
0%
2012-2016 1st Class, List A Tony Goodin
0%
2014 T20 Australia Travis Birt
0%
2016 T20 Trent Lawford
0%
1965 1st Class Trevor Blake
0%
1958-1960 1st Class Wally Walmsley
0%
1957-1958 1st Class William Duncan
0%
1964-1965 1st Class William Holt
0%
1957-1969 1st Class New Zealand Wynne Bradburn
0%
2025-2026 List A, T20 Xavier Bell
0%
2016-2026 1st Class, List A, T20 Zak Gibson
0%
No matching quizzes found
Score Distribution
Percent of People with Each Score
Percentile by Number Answered
Your Score History
You have not taken this quiz